| 000 | 02530pam a2200733 cc4500 | ||
|---|---|---|---|
| 001 | 1292393599 | ||
| 003 | DE-101 | ||
| 005 | 20260217130937.0 | ||
| 007 | tu | ||
| 008 | 230608s2024 gw ||||| |||| 00||||ger | ||
| 015 |
_a24,A44 _z23,N24 _2dnb |
||
| 016 | 7 |
_2DE-101 _a1292393599 |
|
| 020 |
_a9783842090798 _cBroschur : EUR 7.00 (DE), EUR 7.25 (AT) |
||
| 020 | _a384209079X | ||
| 024 | 3 | _a9783842090798 | |
| 035 | _a(DE-599)DNB1292393599 | ||
| 035 | _a(OCoLC)1451102706 | ||
| 040 |
_a1245 _bger _cDE-101 _d9999 _erda |
||
| 041 |
_ager _hjpn |
||
| 044 | _cXA-DE-HH | ||
| 082 | 7 | 4 |
_a741.5 _qDE-101 _223sdnb |
| 100 | 0 |
_0(DE-588)1269921827 _0https://d-nb.info/gnd/1269921827 _0(DE-101)1269921827 _aKujira _eVerfasser _4aut _2gnd |
|
| 245 | 1 | 0 |
_aAlice und die Halbbluthexe _n3 _cKujira ; aus dem Japanischen von Mareen Sickel |
| 250 | _a1. Auflage | ||
| 264 | 3 | 1 |
_aHamburg _bTOKYOPOP _c2024 |
| 300 |
_acirca 144 Seiten _e1 Miniprint |
||
| 336 |
_aText _btxt _2rdacontent |
||
| 336 |
_aunbewegtes Bild _bsti _2rdacontent |
||
| 337 |
_aohne Hilfsmittel zu benutzen _bn _2rdamedia |
||
| 338 |
_aBand _bnc _2rdacarrier |
||
| 653 | _a(Produktform)Paperback / softback | ||
| 653 | _a(Zielgruppe)Kinder/Jugendliche | ||
| 653 | _a(Zielgruppe)Junge Erwachsene | ||
| 653 | _a(Zielgruppe)ab 15 Jahre | ||
| 653 | _afirst girls love | ||
| 653 | _ayuri manga | ||
| 653 | _acitrus manga | ||
| 653 | _agirls love manga | ||
| 653 | _algtbq manga | ||
| 653 | _aswitch me on | ||
| 653 | _aSekai no Owari to Majo no Koi | ||
| 653 | _akurzserie | ||
| 653 | _ahexen | ||
| 653 | _amagie | ||
| 653 | _aaußenseiterin | ||
| 653 | _afantasy manga | ||
| 653 | _ahexenakademie | ||
| 653 | _amagische kräfte | ||
| 653 | _a(VLB-WN)2182: Taschenbuch / Belletristik/Comic, Cartoon, Humor, Satire/Manga, Manhwa | ||
| 653 | _a(BISAC Subject Heading)CGN004120 | ||
| 653 | _a(BISAC Subject Heading)CGN004310 | ||
| 653 | _aDrama | ||
| 653 | _aRomance | ||
| 653 | _aSchool Life | ||
| 653 | _aSupernatural | ||
| 653 | _aGirls Love | ||
| 653 | _aAkademie | ||
| 655 | 7 |
_0(DE-588)4010427-8 _0https://d-nb.info/gnd/4010427-8 _0(DE-101)040104273 _aComic _2gnd-content |
|
| 773 | 0 | 8 |
_q13 _w(DE-101)1316370461 |
| 776 | 0 | 8 |
_iErscheint auch als _nOnline-Ausgabe _tAlice und die Halbbluthexe, Band 03 _dHamburg : TOKYOPOP Verlag, 2024 _hOnline-Ressource, 144 Seiten _w(DE-101)131908026X |
| 856 | 4 | 2 |
_mB:DE-101 _qapplication/pdf _uhttps://d-nb.info/1292393599/04 _3Inhaltsverzeichnis |
| 942 |
_2ddc _cMGA _n0 |
||
| 999 |
_c1518 _d1518 |
||